| 000 | 01081nam a22002297a 4500 | ||
|---|---|---|---|
| 003 | BDDh-ASL | ||
| 005 | 20231015030552.0 | ||
| 008 | 210918s1965 b ||||| |||| 00| 0 b d | ||
| 040 | _cBDDh-ASL | ||
| 082 |
_a954.92 _bBAP |
||
| 100 | 1 |
_94439 _aবার্ট, এফ. বি. ব্রাডলী |
|
| 245 | 1 | 0 |
_aপ্রাচ্যের রহস্য-নগরী / _cঅনুঃ রহীম উদ্দীন সিদ্দিকী |
| 246 | _aPraccer Rohosso-Nogori | ||
| 260 |
_aঢাকা: _bবাংলা একাডেমি, _bদিব্য প্রকাশ, _c১৯৬৫। _c২০০২। |
||
| 300 |
_a২৮৭ পৃষ্ঠা: _a১৬৭ পৃষ্ঠা: _c২২ সে.মি. |
||
| 504 | _aগ্রন্থপঞ্জি সংযুক্ত । | ||
| 650 | 0 |
_aHistory (ইতিহাস) _94586 |
|
| 650 | 0 |
_aHistory of Dhaka (ঢাকার ইতিহাস) _96126 |
|
| 651 | 0 |
_9473 _aDhaka (Bangladesh) _xHistory. |
|
| 700 | 1 |
_aসিদ্দিকী, রহীম উদ্দীন _97436 |
|
| 942 |
_2ddc _cBK |
||
| 999 |
_c25856 _d25856 |
||